| 000 | 004420000a22001810004500 | ||
|---|---|---|---|
| 003 | MACL | ||
| 005 | 20151230132956.0 | ||
| 008 | 151230b xxu||||| |||| 00| 0 eng d | ||
| 040 |
_aMACL _cMACL |
||
| 041 | _aEnglish | ||
| 082 | _a280.4/YUT | ||
| 100 |
_aYutang, Lin _924882 |
||
| 245 | _aThe Pleasures of a Nonconformist | ||
| 260 |
_bHeinemann _c1962 _aToronto |
||
| 350 | _a25 | ||
| 650 |
_aReligion _924883 |
||
| 942 |
_cBK _k280.4/YUT _2ddc |
||
| 999 |
_c36893 _d36893 |
||